banner-ar

اصلاح الخدمة المدنية فى مصر / (Record no. 59878)

MARC details
000 -الفاتح
حقل البيانات ثابتة الطول 01471nam a22003137a 4500
005 - وقت وتاريخ اخر تعامل مع التسجيلة
رقم الضبط 20240530110341.0
008 - عناصر البيانات ثابتة الطول - معلومات عامة
حقل البيانات ثابتة الطول 141111s2011 ua fr 000 0 ara d
017 ## - رقم الايداع القانونى
رقم الايداع القانونى 2987/2011
المصدر مصر . دار الكتب المصرية
040 ## - مصدر الفهرسة
وكالة الفهرسة الأصلية EG-CaGPL
041 0# - رمز اللغة
رمز لغة النص/ المسارات الصوتية أو العنوان الانفرادي ara
082 04 - رقم تصنيف ديوى العشرى
رقم الطبعة 21
رقم التصنيف 352.63
رقم المادة ق/ع إ
245 1# - بيان العنوان
العنوان اصلاح الخدمة المدنية فى مصر /
بيان المسئوليه,etc عالية عبدالحميد عارف ... [ واخ ] ؛ تقديم مصطفى كامل السيد ؛ تحرير علاء الدين عرفات
260 ## - PUBLICATION, DISTRIBUTION, ETC. (IMPRINT)
تاريخ النشر أو التوزيع 2011
300 ## - الوصف المادى
التعداد 260 ص ؛
أبعاد الوعاء 24 سم
650 04 - المدخل الاضافى بالموضوع-مصطلح موضوعى
مصطلح موضوعي الاصلاح الادارى
التقسيم الفرعي الجغرافي مصر
650 04 - المدخل الاضافى بالموضوع-مصطلح موضوعى
مصطلح موضوعي الاصلاح الجتماعى
650 04 - المدخل الاضافى بالموضوع-مصطلح موضوعى
مصطلح موضوعي تكافؤ الفرص
650 04 - المدخل الاضافى بالموضوع-مصطلح موضوعى
مصطلح موضوعي الفرصة المرئية
التقسيم الفرعي العام اصلاح
650 04 - المدخل الاضافى بالموضوع-مصطلح موضوعى
مصطلح موضوعي الادارة العامة
650 04 - المدخل الاضافى بالموضوع-مصطلح موضوعى
مصطلح موضوعي البيروقراطية
700 0# - المدخل الاضافى - اسم شخصى
الإسم الشخصى ممدوح مصطفى اسماعيل
الدور مؤلف مشارك
700 0# - المدخل الاضافى - اسم شخصى
الإسم الشخصى محمد الراوى
التواريخ المصاحبة للاسم مؤلف مشارك
700 0# - المدخل الاضافى - اسم شخصى
الإسم الشخصى عبدالفتاح الجبالى
الدور مؤلف مشارك
700 0# - المدخل الاضافى - اسم شخصى
الإسم الشخصى عالية عبدالحميد عارف
الدور مؤلف مشارك
700 0# - المدخل الاضافى - اسم شخصى
الإسم الشخصى مصطفى كامل السيد
الدور مقدم
700 0# - المدخل الاضافى - اسم شخصى
الإسم الشخصى علاءالدين عرفات
الدور محرر
942 ## - عناصر المدخل الإضافي( كوها)
مصدر التصنيف او مخطط الترفيف Dewey Decimal Classification
Koha [default] item type كتاب
260 ## - PUBLICATION, DISTRIBUTION, ETC. (IMPRINT)
-- القاهرة :
-- شركاء التنمية للبحوث والاستشارات والتدريب ،
Holdings
حالة التراجع حالة الفقد حالة تلف ليس للاعارة المكان المؤقت الموقع الحالى تاريخ الاكتساب اجمالي اﻻعارات رقم الطلب الباركود تاريخ اخر مشاهدة تاريخ تفعيل السعر نوع وعاء كوها
        مكتبة القاهرة الكبرى مكتبة القاهرة الكبرى 11/11/2014   352.63 ق/ع إ 158838 11/11/2014 11/11/2014 كتاب

Powered By

EGPV